logo

Bir Sreshtho Munshi Abdur Rouf Library
Jhenaidah Cadet College

Competency frame work : (Record no. 12840)

MARC details
000 -LEADER
fixed length control field 00705nam a2200253 a 4500
001 - CONTROL NUMBER
JCCL Control Number 12836
003 - CONTROL NUMBER IDENTIFIER
JCCL marc code BD-JhCC
005 - DATE AND TIME OF LATEST TRANSACTION
control field 20230518082551.0
008 - FIXED-LENGTH DATA ELEMENTS--GENERAL INFORMATION
fixed length control field 230518s2021 b |||| |||| 000 0 eng d
020 ## - INTERNATIONAL STANDARD BOOK NUMBER
International Standard Book Number 9789849563990
035 ## - SYSTEM CONTROL NUMBER
system control number (BD-JhCC)12836
040 ## - CATALOGING SOURCE
Original cataloging agency BD-JhCC
Modifying agency BD-JhCC
041 ## - LANGUAGE CODE
Language code of Book English
082 ## - DEWEY DECIMAL CLASSIFICATION NUMBER
Classification number 158.1
Author mark and Year HAI 2021
100 ## - MAIN ENTRY--PERSONAL NAME
Personal name Haiat, Abir Shawkat
245 ## - TITLE STATEMENT
Title Competency frame work :
Remainder of title the HR DNA in Bangaldesh perspective /
Statement of responsibility, etc Abir Shawkat Haiat and M. Shabbir Ali
260 ## - PUBLICATION, DISTRIBUTION, ETC. (IMPRINT)
Place of publication, distribution, etc Dhaka :
Name of publisher, distributor, etc Catalyst,
Date of publication, distribution, etc 2021.
300 ## - PHYSICAL DESCRIPTION
Pagination 280 p. :
Dimensions 22 cm.
504 ## - BIBLIOGRAPHY, ETC. NOTE
Bibliography, etc Includes Bibliography
650 ## - SUBJECT ADDED ENTRY--TOPICAL TERM
Topical term or geographic name as entry element Leadership
650 ## - SUBJECT ADDED ENTRY--TOPICAL TERM
Topical term or geographic name as entry element Success
700 ## - ADDED ENTRY--PERSONAL NAME
Personal name Ali, M. Shabbir
942 ## - ADDED ENTRY ELEMENTS (KOHA)
Source of classification or shelving scheme Dewey Decimal Classification
Koha item type Books
Holdings
Source of classification or shelving scheme Damaged status Not for loan Home library Current library Shelving location Date of accession Cost, normal purchase price Total Checkouts Full call number Barcode Date last seen Copy number Method of acquisition Koha item type Currency
Dewey Decimal Classification     JCC Rouf Library JCC Rouf Library General Stacks 05/18/2023 1500.00   158.1 HAI 2021 17625 05/18/2023 C-1 Purchase Books BDT

JCC Library | Contacts | JCC Home

Last Update on 23 September 2017
Copyright @ 2017-2020 JCC Rouf Library
Rouf Library, Jhenidah Cadet College (JCC), Bangladesh